Adivinanzas geométricas / (Registro nro. 2328)
[ vista simple ]
| 000 -CABECERA | |
|---|---|
| Longitud fija campo de control | 00777nam a2200265 a 4500 |
| 003 - • IDENTIFICADOR DELl NÚMERO DE CONTROL | |
| Identificador del número de control | CO-ViMGA |
| 005 - • FECHA Y HORA DE LA ÚLTIMA TRANSACCIÓN | |
| Fecha y hora de la última transacción | 20250228145949.0 |
| 008 - • CÓDIGOS DE INFORMACIÓN DE LONGITUD FIJA | |
| Códigos de información de longitud fija | 141112s2004 ck r 000 u spa d |
| 020 ## - • NÚMERO INTERNACIONAL NORMALIZADO PARA LIBROS | |
| Número Internacional Normalizado para Libros (ISBN) | 9789589811245 |
| 040 ## - FUENTE DE LA CATALOGACIÓN | |
| Centro catalogador de origen | CO-ViMGA |
| Lengua de catalogación | spa |
| Centro transcriptor | CO-ViMGA |
| 041 ## - • CÓDIGO DE LENGUA | |
| Código de lengua del texto/banda sonora o título independiente | spa |
| 082 04 - • NÚMERO DE LA CLASIFICACIÓN DECIMAL DEWEY | |
| Número de clasificación (R) | 741.018 R15a |
| 100 1# - • PUNTO DE ACCESO PRINCIPAL-NOMBRE DE PERSONA | |
| Nombre de persona | Ramírez Cuevas, Andrés Mario |
| 245 10 - • TITULO PROPIAMENTE DICHO | |
| Título | Adivinanzas geométricas / |
| Mención de responsabilidad, etc. | Andrés Mario Ramírez Cuevas |
| 250 ## - • MENCIÓN DE EDICIÓN | |
| Mención de edición | 1a ed. |
| 300 ## - • DESCRIPCIÓN FÍSICA | |
| Extensión | 14 p. : il. fot. col. |
| 490 ## - • MENCIÓN DE SERIE | |
| Mención de serie | La otra escalera |
| 650 14 - • PUNTO DE ACCESO ADICIONAL DE MATERIA - TÉRMINO DE MATERIA | |
| Término de materia o nombre geográfico como elemento inicial | DESDE LOS 18 MESES |
| 650 14 - • PUNTO DE ACCESO ADICIONAL DE MATERIA - TÉRMINO DE MATERIA | |
| Término de materia o nombre geográfico como elemento inicial | FORMAS GEOMETRICAS |
| 650 14 - • PUNTO DE ACCESO ADICIONAL DE MATERIA - TÉRMINO DE MATERIA | |
| Término de materia o nombre geográfico como elemento inicial | HORTALIZAS |
| 650 14 - • PUNTO DE ACCESO ADICIONAL DE MATERIA - TÉRMINO DE MATERIA | |
| Término de materia o nombre geográfico como elemento inicial | LEER ES MI CUENTO - COLECCION 2011 |
| 650 14 - • PUNTO DE ACCESO ADICIONAL DE MATERIA - TÉRMINO DE MATERIA | |
| Término de materia o nombre geográfico como elemento inicial | PERSPECTIVA |
| 700 1# - • PUNTO DE ACCESO ADICIONAL - NOMBRE DE PERSONA | |
| Nombre de persona | Ramírez Cuevas, Andrés Mario |
| 942 ## - ENTRADA DE ELEMENTOS AGREGADOS (KOHA) | |
| Fuente de clasificaión o esquema | Dewey Decimal Classification |
| Koha [por defecto] tipo de item | LIbro |
| Perdido | Fuente de clasificación o esquema | Estado Físico | No para préstamo | Forma de adquisición | Localización permanente | Localización actual | Localización en estanterías | Fecha adquisición | Préstamos totales | Código de barras | Fecha última consulta | Número de copia | Fecha del precio de reemplazo | Tipo de item de Koha | Signatura completa | Serie de enumeración / cronolog&íacute;a | Renovaciones totales | Fecha último préstamo | Note pública |
|---|---|---|---|---|---|---|---|---|---|---|---|---|---|---|---|---|---|---|---|
| Dewey Decimal Classification | Infantil | Biblioteca Pública Cubarral | Biblioteca Pública Cubarral | Sala Infantil | 07/25/2023 | CUB00898 | 07/25/2023 | Ej.1 | 07/25/2023 | Libro Infantil | |||||||||
| Dewey Decimal Classification | Infantil | Biblioteca Pública Cumaral - Alvaro Garzon Torres | Biblioteca Pública Cumaral - Alvaro Garzon Torres | Sala Infantil | 12/14/2022 | CUM05390 | 12/14/2022 | Ej.1 | 12/14/2022 | Libro Infantil | |||||||||
| Dewey Decimal Classification | Infantil | Biblioteca Pública Fuentedeoro - Henry Llanos García | Biblioteca Pública Fuentedeoro - Henry Llanos García | Sala Infantil | 07/25/2025 | Fo2379 | 07/25/2025 | Ej.1 | 07/25/2025 | Libro Infantil | A RAM | ||||||||
| Dewey Decimal Classification | Colección General | Biblioteca Pública José Eustasio Rivera - San Martin | Biblioteca Pública José Eustasio Rivera - San Martin | Sala Infantil | 12/11/2023 | SM02929 | 12/11/2023 | Ej.1 | 12/11/2023 | Libro Infantil | RAM | ||||||||
| Dewey Decimal Classification | Infantil | Biblioteca Pública Puerto López - Jorge Eliecer Gaitán | Biblioteca Pública Puerto López - Jorge Eliecer Gaitán | Sala Infantil | 05/27/2025 | PLZ00664 | 05/27/2025 | Ej.1 | 05/27/2025 | Libro Infantil | 741.018 R15a | ||||||||
| Colección Sala Infantil de Literatura Pocatil y Tilín | Biblioteca Pública Departamental Eduardo Carranza - Villavicencio | Biblioteca Pública Departamental Eduardo Carranza - Villavicencio | Sala Infantil | 06/07/2012 | ECA21103 | 11/25/2024 | Ej.1 | 11/25/2024 | LIbro | 741.018 R15a | 15633 | 20364 | ||||||||
| Dewey Decimal Classification | Sala Infantil Segundo Piso | Biblioteca Pública Germán Arciniegas - Villavicencio | Biblioteca Pública Germán Arciniegas - Villavicencio | 12/04/2015 | 25189 | 12/04/2015 | Ej. 1 | 12/04/2015 | LIbro | 741.018 R15a | 27/jun/2012 | ||||||||
| Dewey Decimal Classification | Infantil | Biblioteca Pública Guamal | Biblioteca Pública Guamal | Sala Infantil | 02/10/2023 | GUA001021 | 02/10/2023 | Ej.1 | 02/10/2023 | Libro Infantil | 741.018 R15a | ||||||||
| Dewey Decimal Classification | Infantil | Biblioteca Pública La Macarena | Biblioteca Pública La Macarena | Sala Infantil | 04/01/2024 | ML001013 | 04/01/2024 | Ej.1 | 04/01/2024 | LIbro | A RAM | ||||||||
| Dewey Decimal Classification | Infantil | Biblioteca Pública San Juanito - Ernesto Maria Peña Romero | Biblioteca Pública San Juanito - Ernesto Maria Peña Romero | Sala Infantil | 01/22/2024 | 2 | SJU00259 | 08/25/2025 | Ej.1 | 01/22/2024 | LIbro | A RAM | 2 | 08/15/2025 |